Les villes de la Montérégie - Statistiques

Statistiques générales
  • Ce quiz a été pris 32 fois
  • Le résultat moyen est 16 sur 46
Statistiques - réponses
Subdivision Régionale (MRC) Population (hab) Ville % Correct
Agglomération de Longueuil 251 639 Longueuil
95%
MRC du Haut-Richelieu 99 758 Saint-Jean-sur-Richelieu
76%
MRC de La Vallée-du-Richelieu 24 672 Beloeil
71%
Agglomération de Longueuil 90 787 Brossard
71%
MRC des Maskoutains 57 785 Saint-Hyacinthe
71%
MRC de Margueritte-d'Youville 30 992 Sainte-Julie
67%
Agglomération de Longueuil 42 551 Boucherville
62%
MRC de La Vallée-du-Richelieu 31 450 Chambly
62%
Agglomération de Longueuil 26 873 Saint-Bruno-de-Montarville
57%
Agglomération de Longueuil 22 523 Saint-Lambert
57%
MRC de Vaudreuil-Soulanges 42 053 Vaudreuil-Dorion
57%
MRC de Roussillon 50 927 Châteauguay
52%
MRC de Beauharnois-Salaberry 43 899 Salaberry-de-Valleyfield
52%
MRC de La Vallée-du-Richelieu 19 247 Mont-Saint-Hilaire
48%
MRC de Roussillon 26 380 La Prairie
43%
MRC de La Vallée-du-Richelieu 17 414 Saint-Basile-le-Grand
43%
MRC de La Vallée-du-Richelieu 11 743 Carignan
38%
MRC de Rouville 5 624 Richelieu
38%
MRC de Pierre-De Sorel 1 614 Saint-Joseph-de-Sorel
38%
MRC de Margueritte-d'Youville 21 530 Varennes
38%
MRC de Beauharnois-Salaberry 13 881 Beauharnois
33%
MRC de Rouville 11 425 Marieville
33%
MRC de Roussillon 23 113 Candiac
29%
MRC de Pierre-De Sorel 35 627 Sorel-Tracy
29%
MRC d'Acton 7 833 Acton Vale
24%
MRC de Roussillon 30 539 Saint-Constant
24%
MRC de Vaudreuil-Soulanges 22 653 Saint-Lazare
24%
MRC de Vaudreuil-Soulanges 5 567 Hudson
19%
MRC de La Vallée-du-Richelieu 8 383 Otterburn Park
19%
MRC de Vaudreuil-Soulanges 8 215 Rigaud
19%
MRC de Rouville 5 985 Saint-Césaire
19%
MRC de Roussillon 17 421 Sainte-Catherine
19%
MRC de Margueritte-d'Youville 9 838 Contrecoeur
14%
MRC de Roussillon 14 896 Mercier
14%
MRC de Roussillon 7 560 Saint-Philippe
14%
MRC des Maskoutains 5 852 Saint-Pie
14%
MRC de Vaudreuil-Soulanges 7 610 Coteau-du-Lac
10%
MRC de Roussillon 8 397 Delson
10%
MRC du Haut-Saint-Laurent 2 596 Huntingdon
10%
MRC de Roussillon 2 421 Léry
10%
MRC de Vaudreuil-Soulanges 11 580 L'Île Perrot
10%
MRC de Vaudreuil-Soulanges 11 607 Notre-Dame-de-L'Île-Perrot
10%
MRC de Pierre-De Sorel 1 765 Saint-Ours
10%
MRC de Vaudreuil-Soulanges 15 242 Pincourt
5%
MRC des Jardins-de-Napierville 9 001 Saint-Rémi
5%
MRC de Vaudreuil-Soulanges 131 L'Île-Cadieux
0%
Aucun quiz correspondant
Distribution des résultats
% des personnes avec chaque résultat
Percentile par nombre de réponses
Votre historique - résultats
Vous n’avez pas pris ce quiz